Juan José Cambre : Pinturas 2001-2004 (Record no. 873)
[ view plain ]
| 000 -LEADER | |
|---|---|
| campo de control de longitud fija | 00612nam a22001697a 4500 |
| 008 - DATOS DE LONGITUD FIJA--INFORMACIÓN GENERAL | |
| campo de control de longitud fija | 160229b xxu||||| |||| 00| 0 eng d |
| 082 ## - NÚMERO DE LA CLASIFICACIÓN DECIMAL DEWEY | |
| Número de clasificación | 707.4 |
| Número de ítem | C177p |
| 100 ## - ENTRADA PRINCIPAL--NOMBRE DE PERSONA | |
| Nombre de persona | Cambre, Juan José |
| 9 (RLIN) | 4802 |
| 245 ## - MENCIÓN DEL TÍTULO | |
| Título | Juan José Cambre : Pinturas 2001-2004 |
| 246 ## - FORMA VARIANTE DEL TITULO | |
| Título propio/Titulo breve | Juan José Cambre |
| 260 ## - PUBLICACIÓN, DISTRIBUCIÓN, ETC. | |
| Lugar de publicación, distribución, etc. | San José : |
| Nombre del editor, distribuidor, etc. | Museo Histórico Dr. Rafael Calderón Guardia, |
| Fecha de publicación, distribución, etc. | 2004 |
| 300 ## - DESCRIPCIÓN FÍSICA | |
| Extensión | 37 p. ; |
| Otras características físicas | ill. (col.) ; |
| Dimensiones | 23 cm. |
| 500 ## - NOTA GENERAL | |
| Nota general | Textos en inglés y español. |
| 600 ## - PUNTO DE ACCESO ADICIONAL DE MATERIA--NOMBRE DE PERSONA | |
| Nombre de persona | Cambre, Juan José |
| Numeración | 1948- |
| Subdivisión general | Exhibiciones |
| 9 (RLIN) | 4806 |
| 650 ## - PUNTO DE ACCESO ADICIONAL DE MATERIA--TÉRMINO DE MATERIA | |
| Término de materia o nombre geográfico como elemento de entrada | Pintura |
| Subdivisión geográfica | Argentina |
| 9 (RLIN) | 4807 |
| 650 ## - PUNTO DE ACCESO ADICIONAL DE MATERIA--TÉRMINO DE MATERIA | |
| Término de materia o nombre geográfico como elemento de entrada | Museo Calderón Guardia |
| Subdivisión general | Exhibiciones |
| Subdivisión cronológica | S. 21 |
| 9 (RLIN) | 4808 |
| Estatus retirado | Estado de pérdida | Fuente del sistema de clasificación o colocación | Estado de daño | No para préstamo | Biblioteca de origen | Biblioteca actual | Ubicación en estantería | Fecha de adquisición | Total de préstamos | Signatura topográfica completa | Código de barras | Visto por última vez | Precio de reemplazo | Tipo de ítem Koha |
|---|---|---|---|---|---|---|---|---|---|---|---|---|---|---|
| Clasificación Decimal Dewey | Biblioteca LadoV | Biblioteca LadoV | 29/02/2016 | 707.4 C177p | 000674 | 29/02/2016 | 29/02/2016 | Material 01 |
